000 01206cam a22003614a 4500
001 16615704
003 OSt
005 20210420053545.0
008 110119s2011 nyua b 001 0 eng
010 _a 2010054577
020 _a9781616144357 (pbk.)
040 _aDLC
_cDLC
_dDLC
042 _apcc
050 0 0 _aQM101
_b.S348 2011
080 _a617.3
_bS-35
082 0 0 _a612.7/5
_222
100 1 _aSchneider, Diane L.,
_d1953-
245 1 4 _aThe complete book of bone health /
_cDiane L. Schneider ; foreword by Sally Ride.
260 _aAmherst, N.Y. :
_bPrometheus Books,
_c2011.
300 _a491 p. :
_bill. ;
_c23 cm.
504 _aIncludes bibliographical references (p. 441-479) and index.
650 0 _aBones.
650 0 _aBones
_xGrowth.
650 0 _aOsteoporosis
_xPrevention.
650 0 _aOsteoporosis
_xTreatment.
653 _aრევმატოლოგია
653 _aოსტეოპოროზი
653 _aძვლები
700 _9345
_aShneider,L.Dianel
906 _a7
_bcbc
_corignew
_d1
_eecip
_f20
_gy-gencatlg
942 _2udc
_cBK
999 _c438
_d438